[Event "48th URS-ch"]
[Site "Vilnius URS"]
[Date "1980.12.??"]
[Round "?"]
[White "Beliavsky, Alexander"]
[Black "Chekhov, Valery"]
[Result "1-0"]
[WhiteElo "2590"]
[BlackElo "2535"]
[EventDate "1980.12.25"]
[PlyCount "81"]

1.d4 Nf6 2.c4 g6 3.Nc3 Bg7 4.e4 d6 5.f3 O-O 6.Be3 c5 7.dxc5 dxc5 8.Qxd8 
Rxd8 9.Bxc5 Nc6 10.Nd5 Nd7 11.Ba3 e6 12.Nc7 ( 12.Nc3 Bxc3+ 13.bxc3 b6 ) 
12...Rb8 13.O-O-O Bh6+ 14.Kb1 b6 15.Ne2 Bb7 16.Nc3 Nc5 17.Be2 Bf4 18.N7b5 
a6 19.b4 axb5 20.cxb5 Nxe4 21.Nxe4 Nd4 22.Bd3 f5 23.Nc3 Bd6 24.Bc4 Be7 25.
Bb2 Kf7 ( 25...Bxb4 26.Na4 ) 26.a3 Rbc8 27.Ba2 Rd6 28.Rhe1 Rcd8 29.Rxd4 
Rxd4 30.Rxe6 Kf8 31.Rxb6 R8d7 32.Bc1 Rc7 33.Kc2 f4 34.Re6 g5 35.Re5 Kg7 
36.b6 Rcd7 37.Nb5 Bf6 38.Nxd4 Bxe5 39.Ne6+ Kf6 40.Nc5 Re7 41.a4 1-0

[Event "48th URS-ch"]
[Site "Vilnius URS"]
[Date "1980.12.??"]
[Round "?"]
[White "Psakhis, Lev"]
[Black "Chekhov, Valery"]
[Result "0-1"]
[WhiteElo "2535"]
[BlackElo "2415"]
[EventDate "1980.12.25"]
[PlyCount "57"]

1.e4 e5 2.Nf3 Nc6 3.Bc4 Nf6 4.d3 Be7 5.Bb3 O-O 6.O-O d5 7.Nbd2 ( 7.exd5 
Nxd5 8.h3 a5 9.Ba4 Nd4 10.Nxe5 Nb6 11.c3 Nxa4 12.Qxa4 Ne2+ 13.Kh1 Bf6 ) 
7...dxe4 8.dxe4 Bc5 9.c3 a5 10.h3 ( 10.Ba4 ) 10...Qe7 11.Qc2 ( 11.Nh4 Ng4 
( 11...Be6 ) 12.Nf5 Bxf5 13.exf5 Nf6 14.Re1 ) 11...Nh5 12.Nc4 ( 12.Kh2 ) 
12...Qf6 13.Kh2 ( 13.Bg5 Qg6 14.Kh2 h6 15.Be3 ) 13...Nf4 14.Be3 Nxg2 15.
Kxg2 ( 15.Bxc5 Qxf3 16.Bxf8 Nh4 17.Ne3 Qxh3+ 18.Kg1 Nf3# ) 15...Bxh3+ 16.
Kxh3 ( 16.Kg3 Bxf1 17.Rxf1 Qg6+ 18.Kh2 Qh5+ 19.Kg3 Ra6 ) 16...Qxf3+ 17.Kh2
Ra6 18.Qd1 ( 18.Bxc5 Nd4 ) 18...Qxe4 19.Rg1 ( 19.Bxc5 Nd4 20.Qh5 Nf3+ 21.
Kg3 Rg6+ 22.Qxg6 Qxg6+ 23.Kxf3 Qc6+ 24.Kg3 Qxc5 ) 19...Qh4+ ( 19...Bxe3 
20.Nxe3 Nd4 21.Rg4 ) 20.Kg2 Nd4 21.cxd4 ( 21.Nxe5 Qe4+ ) 21...exd4 22.Bg5 
( 22.Bd2 Rg6+ 23.Kf1 Qh3+ 24.Ke2 d3+ ) ( 22.Bc1 Rg6+ 23.Kf1 Qh3+ 24.Ke2 
d3+ 25.Qxd3 Qxd3+ 26.Kxd3 Rxg1 ) 22...Qxg5+ 23.Kf1 Qf5 24.Bc2 Qh3+ ( 24...
d3 ) 25.Rg2 Rf6 26.Qd3 ( 26.Qg4 Qxg4 27.Rxg4 d3 ) 26...Rf3 27.Qxh7+ ( 27.
Qe4 d3 ) 27...Qxh7 28.Bxh7+ Kxh7 29.Re1 0-1

[Event "48th URS-ch"]
[Site "Vilnius URS"]
[Date "1980.12.??"]
[Round "3"]
[White "Beliavsky, Alexander"]
[Black "Psakhis, Lev"]
[Result "0-1"]
[WhiteElo "2590"]
[BlackElo "2535"]
[EventDate "1980.12.25"]
[PlyCount "70"]

1.d4 Nf6 2.c4 e6 3.Nf3 b6 4.g3 Ba6 5.Nbd2 Bb7 6.Bg2 Be7 7.O-O ( 7.e4 Nxe4 
8.Ne5 Bb4 ( 8...Nc3 9.Qh5 g6 10.Qh3 ) ( 8...d5 9.Qa4+ Kf8 ) 9.Qg4 O-O 10.
Bxe4 f5 11.Bxb7 fxg4 12.Bxa8 ) 7...O-O 8.Qc2 d5 9.cxd5 ( 9.Ne5 c5 10.cxd5 
Bxd5 11.e4 Bb7 12.dxc5 Qc7 ) 9...exd5 10.Ne5 c5 11.b3 ( 11.Ndf3 Nbd7 12.
Bf4 Ne4 13.Rfd1 Ndf6 14.dxc5 Bxc5 15.Nd3 Qe7 16.Ng5 Bd6 17.Bxd6 Qxd6 ) ( 
11.dxc5 bxc5 12.Ndc4 Qc7 13.Bf4 g5 14.Bxg5 dxc4 15.Qf5 Bxg2 16.Bxf6 Bxf6 
17.Qxf6 Bxf1 18.Qg5+ Kh8 19.Qf6+ ) 11...Nbd7 12.Bb2 Rc8 13.Qd3 ( 13.Qf5 g6
( 13...Re8 14.Rfd1 ) ( 13...Nxe5 14.dxe5 Qd7 15.Bh3 ) 14.Qd3 ) 13...Re8 
14.Rac1 Rc7 15.Rfd1 ( 15.dxc5 Nxc5 16.Qf5 Nce4 ( 16...Bd6 17.Ng4 Nxg4 18.
Qxg4 ) 17.Nxe4 dxe4 18.Rxc7 Qxc7 19.Rc1 Qd8 ) 15...Nf8 16.e3 ( 16.dxc5 
Bxc5 ( 16...bxc5 17.Qb5 ( 17.e4 dxe4 18.Nxe4 Qxd3 19.Nxf6+ Bxf6 20.Nxd3 
Bxb2 21.Nxb2 Bxg2 22.Kxg2 Re2 23.Rb1 Ne6 ) 17...Qc8 ( 17...Ne6 18.e4 Nd4 
19.Bxd4 cxd4 20.Rxc7 Qxc7 21.Ng4 ( 21.exd5 a6 22.Qe2 Bd6 ) 21...Bc6 22.
Nxf6+ Bxf6 23.Qc5 ) ( 17...N6d7 ) 18.e4 Bd6 ) 17.e3 ) 16...Bd6 17.h3 Ne6 
18.f4 ( 18.dxc5 Nxc5 19.Qf5 Bc8 20.Qg5 ( 20.Qf4 Nd3 21.Nxd3 Bxf4 22.Nxf4 
Rxc1 23.Rxc1 Ne4 ) 20...h6 ) ( 18.Qb1 cxd4 19.Rxc7 Bxc7 20.exd4 Nxd4 21.
Bxd4 Bxe5 22.Bxe5 Rxe5 23.Nc4 Re6 ) ( 18.Ndf3 Ne4 ) 18...Qc8 19.Kh2 ( 19.
dxc5 ) 19...h5 20.Qf1 ( 20.dxc5 bxc5 ( 20...Nxc5 21.Qe2 ( 21.Qd4 Bxe5 22.
fxe5 Nfe4 ) 21...h4 22.g4 Ba6 ) 21.e4 ( 21.Nec4 dxc4 22.Qxd6 Bxg2 23.Kxg2 
c3 24.Bxc3 ( 24.Rxc3 Rd7 ) 24...Rd7 25.Qe5 Rd5 ) ( 21.Ndc4 dxc4 22.Qxd6 
Bxg2 23.Kxg2 Rd8 ) ( 21.Kg1 ) 21...Rd8 ( 21...h4 22.exd5 hxg3+ 23.Qxg3 Nh5
24.Qg4 Nexf4 25.Ndc4 ( 25.Qxc8 Rcxc8 26.Ndc4 ( 26.Nec4 Re2 ) 26...Bb8 ) 
25...Qd8 ) 22.exd5 ( 22.Qe2 h4 23.exd5 hxg3+ 24.Kxg3 Bxd5 25.Ndc4 Bxg2 ) 
22...Nxd5 23.Bxd5 Bxe5 24.Bxe5 Rxd5 ) 20...cxd4 21.exd4 ( 21.Rxc7 Qxc7 ( 
21...Nxc7 22.exd4 Qf5 ) 22.Rc1 Qe7 23.Bxd4 ( 23.exd4 h4 24.g4 Ba3 ) 23...
h4 24.g4 Nxd4 25.exd4 Ne4 ) 21...Ba6 ( 21...h4 22.g4 Ree7 ) 22.Qf2 ( 22.
Rxc7 ) 22...h4 ( 22...Rc2 23.Nec4 ( 23.Qe3 ) 23...Rxc4 ( 23...Rxc1 24.Nxd6
Rxd1 25.Nxc8 Rxc8 26.Bf3 Ne4 27.Nxe4 Rf1 ) ( 23...dxc4 24.Rxc2 h4 ) 24.
Nxc4 ( 24.bxc4 h4 25.cxd5 hxg3+ 26.Qxg3 Qb8 ) 24...dxc4 25.d5 Nc5 26.Bxf6 
gxf6 ) 23.g4 ( 23.Rxc7 hxg3+ 24.Qxg3 Qxc7 ( 24...Nxc7 ) 25.Rc1 Qe7 ) ( 23.
gxh4 Rc2 ) 23...Rc2 24.Qe3 ( 24.g5 Nh5 ( 24...Ne4 25.Nxe4 Rxf2 26.Rxc8 
Rxg2+ 27.Kxg2 Rxc8 28.Nxd6 Rc2+ 29.Kh1 Rxb2 ) ( 24...Bxe5 25.fxe5 ( 25.
dxe5 Ne4 26.Qe3 ( 26.Nxe4 Rxf2 27.Nxf2 Qb8 ) 26...Ng3 ) 25...Nxg5 ( 25...
Ne4 ) 26.Ba3 ( 26.Qxh4 Nfe4 ) ( 26.exf6 Qb8+ ) 26...Nge4 ) 25.g6 ( 25.Bxd5
Nexf4 ( 25...Nhxf4 26.g6 Bxe5 27.gxf7+ Kxf7 28.dxe5 g5 ) 26.Bxf7+ Kh8 27.
Qf3 ( 27.Qxh4 Qb7 ) ( 27.Qe3 Qa8 28.Rg1 Rxb2 ) 27...Bb7 28.Qe3 Rf8 ) 25...
fxg6 26.Bxd5 Kh7 27.Be4 Nexf4 28.Qf3 Bxe5 29.dxe5 Rxc1 30.Rxc1 Qd7 ) 24...
Bb4 25.Ndf3 ( 25.Rb1 Ne4 ( 25...Bc3 26.Bxc3 Qxc3 27.Qxc3 Rxc3 ) 26.Nxe4 
Re2 ) ( 25.f5 Nf8 ) 25...Be2 ( 25...Rxb2 26.Rxc8 Rxc8 27.Rc1 Rxc1 28.Qxc1 
Rxa2 29.f5 ) 26.Rg1 ( 26.Ne1 Bxd1 27.Nxc2 Bxc2 28.Qf2 Ne4 29.Qxc2 ( 29.
Bxe4 Bxe4 30.Rxc8 Rxc8 ) 29...Qxc2 30.Rxc2 Nxf4 ) 26...Bxf3 27.Nxf3 ( 27.
Qxf3 Bd2 ( 27...Nxd4 28.Qd3 Bd2 29.Qxd4 ( 29.Rxc2 Bxf4+ 30.Kh1 Nxc2 ) 
29...Bxc1 30.Rxc1 Rxc1 31.g5 Nh5 ) 28.Rxc2 Qxc2 29.Nd3 Ne4 ( 29...Nxf4 30.
Nxf4 Qc7 ( 30...Bxf4+ 31.Qxf4 Qxb2 32.g5 Nh5 ( 32...Ne4 33.Rf1 Re7 34.g6 )
33.Qxh4 g6 ) ) ( 29...Nc7 30.g5 Re3 31.Qf1 Nh5 ) ) 27...Nc7 28.Ne5 Rxb2 
29.Rc6 Bd2 30.Qf3 Re6 31.g5 Ne4 32.Rf1 Rxc6 33.Nxc6 Qe8 34.Ne5 Ne6 35.Qg4 
Nxd4 0-1

[Event "48th URS-ch"]
[Site "Vilnius URS"]
[Date "1981.01.??"]
[Round "17"]
[White "Psakhis, Lev"]
[Black "Vasiukov, Evgeny"]
[Result "1-0"]
[WhiteElo "2535"]
[BlackElo "2545"]
[EventDate "1980.12.25"]
[PlyCount "85"]

1.e4 c5 2.Nf3 d6 3.d4 cxd4 4.Nxd4 Nf6 5.Nc3 g6 6.Be3 Bg7 7.f3 Nc6 8.Qd2 
O-O 9.O-O-O d5 10.exd5 Nxd5 11.Nxc6 bxc6 12.Bd4 e5 13.Bc5 Be6 14.Ne4 Re8 
15.h4 h6 16.g4 Nf4 ( 16...Qc7 ) 17.Qc3 Bd5 18.h5 ( 18.g5 h5 ( 18...hxg5 
19.hxg5 Qd7 20.Bd3 Qf5 21.Rdg1 Red8 22.Nf6+ Bxf6 23.Bxf5 Ne2+ 24.Kd2 Nxc3 
25.Kxc3 Bxf3 26.Rh3 Bg7 27.Be7 e4+ ) ( 18...Ne6 19.gxh6 ( 19.h5 ) 19...
Bxh6+ 20.Be3 Bg7 ( 20...Nf4 21.h5 gxh5 22.Kb1 ) 21.h5 f5 ( 21...g5 22.h6 
Bf6 23.Bh3 Nd4 24.Nxf6+ Qxf6 25.Rxd4 exd4 26.h7+ ) 22.hxg6 Qe7 ( 22...Qb8 
23.Qd2 fxe4 24.Qh2 exf3 25.Qh7+ Kf8 26.Rh5 e4 27.Rf5+ Ke7 28.Rf7+ ) 23.Ng3
f4 ( 23...e4 24.Nxf5 Bxc3 25.Nxe7+ Rxe7 26.bxc3 exf3 27.Bd3 ) ) 19.Qa3 Qc7
20.Nf6+ Bxf6 21.gxf6 Rad8 ( 21...Qc8 22.c4 Be6 23.Rh2 Bf5 24.Rhd2 Ne6 25.
Bd6 Nd4 ) 22.Rh2 ) 18...g5 ( 18...f5 19.gxf5 ( 19.hxg6 fxe4 20.fxe4 Qg5 ) 
19...gxf5 20.Rg1 ( 20.Nd6 ) 20...fxe4 21.fxe4 Qf6 ( 21...Kh8 22.Qa3 Qf6 
23.exd5 cxd5 24.Kb1 Re6 25.Bg2 Ra6 26.Qb4 Qf7 27.Bxd5 Nxd5 28.Qc4 Nc3+ 29.
Qxc3 Qxa2+ 30.Kc1 Qa1+ 31.Kd2 Rd8+ ) 22.exd5 cxd5 23.Kb1 ) 19.Qa3 Qc7 20.
Ba6 Red8 ( 20...Ne6 21.Bd6 ( 21.Bb4 Qb6 22.Bd6 Nd4 23.Rhf1 ) 21...Qb6 ( 
21...Qd7 22.Bb4 ) 22.c4 ( 22.Rhf1 ) 22...Bxe4 23.c5 ( 23.fxe4 Bf8 ) 23...
Qxa6 24.Qxa6 Bxf3 25.Qb7 ( 25.Rhg1 ) ( 25.Rhf1 Bxg4 26.Qxc6 Bxd1 27.Kxd1 )
25...Nd4 ( 25...Bxg4 ) ( 25...Nf4 ) 26.Rhf1 Bd5 27.Rf2 e4 28.Rfd2 Ne6 ( 
28...e3 29.Rxd4 Bxd4 30.Rxd4 e2 31.Bg3 ) 29.Rxd5 cxd5 30.Qxd5 Rac8 31.b4 (
31.Re1 Nxc5 32.Bxc5 Re5 33.Qb3 Rexc5+ 34.Kb1 Be5 35.Qa4 ) ) ( 20...Re6 21.
Rh2 Bf8 22.Rhd2 Bxc5 23.Nxc5 Ree8 24.c4 Be6 25.Nxe6 Rxe6 26.Rd7 ) 21.Rhe1 
( 21.Bd6 Rxd6 22.Qxd6 Qxd6 23.Nxd6 Bxf3 ) ( 21.Bb4 ) 21...Rd7 ( 21...Bf8 
22.Bxf8 Rxf8 23.Nd6 Rad8 24.Nf5 Kh7 25.Rd2 Be6 26.Nd6 ) 22.Bb4 ( 22.Bd6 
Rxd6 23.Qxd6 ( 23.Nxd6 Bf8 ) 23...Qxd6 24.Nxd6 Bxf3 ) 22...Bxe4 ( 22...Re8
23.Nc5 Rd6 24.Bf1 ) 23.Ba5 ( 23.fxe4 Bf8 24.Bxf8 Rxf8 25.Rxd7 Qxd7 26.Qf3 
Qd4 ) 23...Bxf3 ( 23...Rxd1+ 24.Rxd1 Qb8 ( 24...Bf8 25.Bxc7 Bxa3 26.fxe4 
Bc5 27.Bb7 ) 25.Rd8+ ( 25.fxe4 ) 25...Qxd8 26.Bxd8 Bd5 ( 26...Bxf3 27.Qxf3
Rxd8 28.Qxc6 ) ( 26...Rxd8 27.fxe4 Rd4 28.Qc5 ) 27.Be7 ) 24.Bxc7 ( 24.Rd2 
Nd3+ ( 24...Bxg4 25.Bxc7 Rxc7 26.Qd6 Ne6 27.Rxe5 ) ( 24...Rxd2 25.Bxc7 Rd7
( 25...Rf2 26.Qe3 ) 26.Qxf3 Rxc7 27.Rd1 ) ( 24...Qxa5 25.Qxa5 Rxd2 26.Qxd2
Bxg4 27.Qc3 ) 25.Bxd3 Qb7 ) 24...Bxd1 25.Rxd1 Rxc7 26.Qf3 ( 26.Qd6 Ne6 27.
Qb4 ) 26...e4 ( 26...Nd5 27.Bc4 Nf6 28.Rd6 e4 29.Qf5 ) ( 26...Re8 ) 27.
Qxe4 Rb8 28.c3 Nd5 29.Bc4 Nf4 ( 29...Re7 30.Qf3 ( 30.Bxd5 Rxe4 31.Bxe4 ) )
30.Qf5 Nd5 ( 30...Re8 31.Rd7 ) 31.Bxd5 cxd5 32.Rxd5 Rc6 33.Qd3 Bf8 34.Rd8 
Rxd8 35.Qxd8 a6 36.Qd5 Rd6 37.Qf5 Re6 38.a4 Bd6 39.a5 Kg7 40.b4 Be5 41.Kc2
Bf6 42.b5 axb5 ( 42...Re5 43.bxa6 ) ( 42...Re3 43.Qc5 ) 43.Qxe6 1-0